Instructor's manual with transparency masters to accompany Computers and data processing / (Record no. 148122)

MARC details
000 -LEADER
fixed length control field 00836nam a2200241 a 4500
008 - FIXED-LENGTH DATA ELEMENTS--GENERAL INFORMATION
fixed length control field
020 ## - INTERNATIONAL STANDARD BOOK NUMBER
International Standard Book Number 0070237891 (pbk.)
049 ## - LOCAL HOLDINGS (OCLC)
Holding library MAIN
090 ## - LOCALLY ASSIGNED LC-TYPE CALL NUMBER (OCLC); LOCAL CALL NUMBER (RLIN)
Classification number (OCLC) (R) ; Classification number, CALL (RLIN) (NR) QA76.5
003 - CONTROL NUMBER IDENTIFIER
control field
005 - DATE AND TIME OF LATEST TRANSACTION
control field 20230123133417.0
040 ## - CATALOGING SOURCE
Transcribing agency NUST
100 1# - MAIN ENTRY--PERSONAL NAME
Personal name Gore, Marvin R.
245 10 - TITLE STATEMENT
Title Instructor's manual with transparency masters to accompany Computers and data processing /
Statement of responsibility, etc. Marvin R. Gore and John W. Stubbe.
260 ## - PUBLICATION, DISTRIBUTION, ETC.
Place of publication, distribution, etc. New York, NY. :
Name of publisher, distributor, etc. McGraw-Hill,
Date of publication, distribution, etc. 1979.
300 ## - PHYSICAL DESCRIPTION
Extent ix, 181 [129] p. :
Other physical details ill. ;
Dimensions 28 cm.
650 #1 - SUBJECT ADDED ENTRY--TOPICAL TERM
Topical term or geographic name entry element Computers
General subdivision Data processing.
650 ## - SUBJECT ADDED ENTRY--TOPICAL TERM
Topical term or geographic name entry element Computers
General subdivision Study and teaching.
700 ## - ADDED ENTRY--PERSONAL NAME
Personal name Stubbe, John W.
740 ## - ADDED ENTRY--UNCONTROLLED RELATED/ANALYTICAL TITLE
Uncontrolled related/analytical title Computers and data processing :
-- Instructor's manual with transparency masters.
907 ## - LOCAL DATA ELEMENT G, LDG (RLIN)
a .b10088313
b 09-09-03
c 09-09-03
942 ## - ADDED ENTRY ELEMENTS (KOHA)
Koha item type Ordinary Loan Books
Call number prefix QA76.5
Holdings
Date last seen Total Checkouts Full call number Barcode Cost, replacement price Price effective from Koha item type Lost status Source of classification or shelving scheme Damaged status Not for loan Collection Withdrawn status Home library Current library Shelving location Date acquired Cost, normal purchase price
01/23/2023 10 QA76.5 GOR 92003008170 80.00 01/23/2023 BOOKS   LCC     NFIC   MAIN MAIN GEN 01/23/2023 80.00